[Event "Miskolc Avas op"]
[Site "Miskolc"]
[Date "1999.??.??"]
[Round "8"]
[White "Kanya, Gusztav"]
[Black "Pikovszki, Janos"]
[Result "0-1"]
[WhiteElo "2000"]
[BlackElo "2000"]
[PlyCount "92"]
[EventDate "1999.??.??"]
[EventType "swiss"]
[EventRounds "9"]
[EventCountry "HUN"]
[SourceTitle "EXT 2000"]
[Source "ChessBase"]
[SourceDate "1999.11.16"]
[SourceVersion "1"]
[SourceVersionDate "1999.11.16"]
[SourceQuality "1"]

1. e4 c5 2. Nf3 d6 3. d4 cxd4 4. Nxd4 Nf6 5. Nc3 a6 6. Bd3 e5 7. Nf3 Nc6 8. h3 Be7 9. Be3 Nb4 10. Bc4 0-0 11. a3 Nc6 12. Qd3 h6 13. Rd1 Bd7 14. 0-0 Rb8 15. Nh2 b5 16. Bb3 b4 17. Nd5 Nxd5 18. Bxd5 bxa3 19. bxa3 Na5 20. Qd2 Rc8 21. f4 Nc4 22. Bxc4 Rxc4 23. fxe5 Rxe4 24. exd6 Bf6 25. Rf3 Rfe8 26. Rdf1 Be6 27. Bxh6 Bd4+ 28. Be3 Bxe3+ 29. Rxe3 Rxe3 30. Qxe3 Bc4 31. Qd4 Bxf1 32. Nxf1 Re6 33. d7 Re7 34. Qd3 Rxd7 35. Qxa6 Qe7 36. a4 Qc5+ 37. Kh2 Qxc2 38. a5 Qd1 39. Qc6 Rd6 40. Qe8+ Kh7 41. Qxf7 Rf6 42. Qc4 Qxf1 43. Qh4+ Kg8 44. Qh5 Qf4+ 45. Kh1 Qc1+ 46. Kh2 Qc7+ 0-1